| 000 | 00356nam a22001457a 4500 | ||
|---|---|---|---|
| 003 | OSt | ||
| 005 | 20220223101741.0 | ||
| 008 | 220223b |||||||| |||| 00| 0 eng d | ||
| 020 | _a817476383x | ||
| 040 | _cHU | ||
| 082 | _a692.5 | ||
| 100 |
_aDutta _931239 |
||
| 245 | _aEstimating & Costing In Civil Engineering Theory & Practice | ||
| 942 |
_2ddc _cBOOKS _n0 |
||
| 999 |
_c31304 _d31304 |
||